| 000 | 00463cam a2200169ua 4500 | ||
|---|---|---|---|
| 003 | OSt | ||
| 008 | 241223b |||||||| |||| 00| 0 eng d | ||
| 041 | _aeng | ||
| 082 |
_a621.3132 _bCLA/PE |
||
| 100 |
_aClayton, Albert.E . _96544 |
||
| 245 | _aPerformance and design of direct current machines / | ||
| 250 | _a3 / | ||
| 260 |
_aNew Delhi : _bOxford & IBH Publishing company , _c1985. |
||
| 300 | _a516 ; . | ||
| 700 | 1 |
_aHancock, N. lX . _96546 |
|
| 942 | _cBK | ||
| 999 |
_c1946 _d1946 |
||